000 00394nam a2200169Ia 4500
003 GCL
008 140319s9999 xx 000 0 eng d
040 _aGCL /
_cGCL
082 0 4 _a792.0952
_bH K
100 1 _aHATA, HESOSHI
245 1 0 _aKYOGEN /
_cHATA, HESOSHI
260 _a[S.N] :
_bHAIKUSHA ،
_c1991
300 _a128 PP
650 0 4 _aJAPAN
650 0 4 _aART, JAPAN
942 _2ddc
_cBK
999 _c19159
_d19159